Ghosts / Sophie Calle ; translation: Sophie Calle, Charles Penwarden.

Ghosts deals with important art objects which have been damaged, stolen or have otherwise disappeared from public view. Sophie Calle resurrects the memory of these pieces in a series of profiles of each individual work of art. Through language and photography, she explores their personal meaning to...

Full description

Bibliographic Details
Main Author: Calle, Sophie (Author, Translator)
Other Authors: Penwarden, Charles (Translator)
Format: Book
Language:English
Published: Arles, France : Actes Sud, 2013.
Edition:1st edition.
Subjects:

MARC

Tag First Indicator Second Indicator Subfields
LEADER 00000cam a2200000 i 4500
001 in00003428421
005 20160716063409.0
008 130531s2013 fr a 000 0 eng c
019 |a 846542182 
020 |a 2330020147 
020 |a 9782330020149 
035 |a (OCoLC)ocn845516654 
035 |a (OCoLC)845516654 
035 |a (OCoLC)845516654  |z (OCoLC)846542182 
040 |a YDXCP  |b eng  |e rda  |c YDXCP  |d BTCTA  |d TXA  |d UtOrBLW 
041 1 |a eng  |h fre 
042 |a pcc 
049 |a TXAM 
050 4 |a N6853.C2615  |b A4 2013 
100 1 |a Calle, Sophie,  |e artist,  |e author,  |e translator. 
240 1 0 |a Works.  |k Selections.  |l English 
245 1 0 |a Ghosts / Sophie Calle ; translation: Sophie Calle, Charles Penwarden. 
246 1 3 |a Sophie Calle, ghosts 
250 |a 1st edition. 
264 1 |a Arles, France :  |b Actes Sud,  |c 2013. 
300 |a 164 pages, 9 unnumbered pages :  |b illustrations ;  |c 20 cm 
336 |a text  |b txt  |2 rdacontent 
336 |a still image  |b sti  |2 rdacontent 
337 |a unmediated  |b n  |2 rdamedia 
338 |a volume  |b nc  |2 rdacarrier 
500 |a English translations of two previous works, Fantômes and Disparitions, published in 2000. 
505 1 |a Ghosts -- Last seen. 
520 |a Ghosts deals with important art objects which have been damaged, stolen or have otherwise disappeared from public view. Sophie Calle resurrects the memory of these pieces in a series of profiles of each individual work of art. Through language and photography, she explores their personal meaning to those museum employees and others who knew the works intimately. The first part of Ghosts addresses pieces from the Musée d'Art Moderne, Paris and the Museum of Modern Art, New York, that were out on temporary loan. The second part, Last seen, addresses pieces stolen in 1990 from the Isabella Stewart Gardner Museum in Boston; a painting partly destroyed by vandalism in 1980 from the Musée Cantonal des Beaux-Arts in Lausanne; a Picasso painting Tête stolen in 1994 from Richard Gray Gallery in Chicago; and a Titian painting stolen in 1995 from the Marquis of Bath at Longleat House, England. 
600 1 0 |a Calle, Sophie. 
650 0 |a Art thefts. 
650 0 |a Artists' books. 
650 0 |a Photography, Artistic. 
700 1 2 |a Calle, Sophie.  |t Fantômes (2013).  |l English. 
700 1 2 |a Calle, Sophie.  |t Disparitions.  |l English. 
700 1 |a Penwarden, Charles,  |e translator. 
945 |a PromptCat  |b 600887 
946 |a stk 
947 |a A14840646568 
948 |a cataloged  |b h  |c 2014/2/4  |d c  |e mwilson  |f 2:47:37 pm 
948 |a cataloged  |b h  |c 2014/1/23  |d c  |e mwilson  |f 9:42:17 am 
994 |a C0  |b TXA 
999 |a MARS 
999 f f |s 265cfd91-3828-3a6a-84b5-c867e1c6cd0a  |i fac4ff1d-db96-3d90-a9b5-7643ac343606  |t 0 
952 f f |p normal  |a Texas A&M University  |b College Station  |c Sterling C. Evans Library  |d Evans: Library Stacks  |t 0  |e N6853.C2615 A4 2013  |h Library of Congress classification  |i unmediated -- volume  |m A14840646568 
998 f f |a N6853.C2615 A4 2013  |t 0  |l Evans: Library Stacks